Oceans and seas / (Record no. 3804)

MARC details
000 -LEADER
fixed length control field 00760nam a22002417a 4500
001 - CONTROL NUMBER
control field 3804
003 - CONTROL NUMBER IDENTIFIER
control field FISKH
005 - DATE AND TIME OF LATEST TRANSACTION
control field 20240509142604.0
008 - FIXED-LENGTH DATA ELEMENTS--GENERAL INFORMATION
fixed length control field 240509b cb ||||| |||| 00| 0 eng d
020 ## - INTERNATIONAL STANDARD BOOK NUMBER
International Standard Book Number 9780753464014
040 ## - CATALOGING SOURCE
Original cataloging agency FISKH
Language of cataloging eng
Transcribing agency FISKH
Modifying agency FISKH
050 ## - LIBRARY OF CONGRESS CALL NUMBER
Classification number QL122.2
082 ## - DEWEY DECIMAL CLASSIFICATION NUMBER
Classification number 551.46
100 ## - MAIN ENTRY--PERSONAL NAME
Personal name Savage, Steven
245 ## - TITLE STATEMENT
Title Oceans and seas /
Statement of responsibility, etc. Steven Savage
260 ## - PUBLICATION, DISTRIBUTION, ETC.
Place of publication, distribution, etc. New York :
Name of publisher, distributor, etc. Kingfisher ;
Date of publication, distribution, etc. 2010.
300 ## - PHYSICAL DESCRIPTION
Extent 32 pages :
Other physical details color illustrations ;
Dimensions 28 cm
520 ## - SUMMARY, ETC.
Summary, etc. Helps the reader to explore rock pools, coral reefs and shipwrecks plus to meet the fascinating creatures that live in the world's oceans and seas.
650 ## - SUBJECT ADDED ENTRY--TOPICAL TERM
Topical term or geographic name entry element Explorer
General subdivision Ocean
650 ## - SUBJECT ADDED ENTRY--TOPICAL TERM
Topical term or geographic name entry element Discover
General subdivision Seas
942 ## - ADDED ENTRY ELEMENTS (KOHA)
Source of classification or shelving scheme Dewey Decimal Classification
Koha item type Books
Suppress in OPAC No
Holdings
Withdrawn status Lost status Source of classification or shelving scheme Damaged status Not for loan Collection Home library Current library Shelving location Date acquired Total Checkouts Full call number Barcode Date last seen Date last checked out Price effective from Koha item type
    Dewey Decimal Classification     Non-Fiction Footprints International School Library Network Toul Kork Campus Footprints International School Library Network Toul Kork Campus A TK Campus, 4th Floor, Room B401, Non-Fiction Bookcases(7-8) 05/09/2024 1 SAV 551.46 QL122.2 2024-0595 04/07/2025 04/01/2025 05/09/2024 Books